| 000 | 01256nab a2200229 i 4500 | ||
|---|---|---|---|
| 001 | 768714001 | ||
| 003 | CO-MdFUSB | ||
| 005 | 20240524161741.0 | ||
| 008 | 240524t1975 sp ||||| |||| 00| 0 spa d | ||
| 040 |
_bspa _cCO-MdFUSB _dCO-MdFUSB |
||
| 041 | _aspa | ||
| 100 |
_aFischer, Balthasar, _d1912-2001 _eautor |
||
| 245 | 3 |
_aEl más antiguo leccionario armenio _c/ Balthasar Fischer ; traducido por D. Romero |
|
| 520 | _aEl año 1971 quedará como una fecha importante en la historia del estudio de los leccionarios. Efectivamente, gracias a la ejemplar edición, traducción y comentario de un códice armenio de Jerusalén (J 121), realizados en dicho año por el benedictino francés Athanase Renoux, conocemos ahora la forma original del leccionario armenio, la cual nos revela cómo se utilizaba la Escritura en Jerusalén poco después del año 4172. | ||
| 650 | 7 |
_aLiturgia _9206 |
|
| 650 | 7 |
_aEucaristía _9365 |
|
| 650 | 7 |
_aHermenéutica bíblica _97333 |
|
| 700 |
_aRomero, D., _etraductor |
||
| 773 | 0 |
_049450 _982683 _oR2592 _tRevista internacional de teología Concilium _w(CO-MdFUSB)8 _x0210-1041 _gVolumen 102, (febrero, 1975) páginas: 190 - 198 _qpáginas: 190 |
|
| 942 | _cANA | ||
| 945 | _aCatherine Arias Álvarez - Practicante SENA | ||
| 999 |
_c69914 _d69914 |
||